O primátora Medzeva sa zaujíma aj polícia okolo výrubu 55 stromov na námestí je "horúco"

Bibliographic Details
Main Author: Kovář, Zdeněk (Author)
Format: Article
Language:Slovak
PhysicalDescription:Fotogr.
ISSN:1335-4655
Subjects:

MARC

LEADER 00000nab a2200000 a 4500
001 vtls001516680
003 SK-MaSNL
005 20260304010938.0
008 050302c20040805xo mr|p|||||||000 b|slo
015 |a SNSK2005 
038 |a SNSK 
040 |a SNSK  |b slo  |c SNSK  |e AACR2 
041 0 |a slo 
044 |a xo  |c SK 
080 |a 343.77:352.075.31  |2 UDC-MRF-SK2 
080 |a 352.075.31  |2 UDC-MRF-SK2 
100 1 |a Kovář, Zdeněk  |4 aut  |9 266642 
245 1 0 |a O primátora Medzeva sa zaujíma aj polícia  |b okolo výrubu 55 stromov na námestí je "horúco"  |c Zdeněk Kovář 
300 |b Fotogr. 
650 0 7 |a trestné činy  |2 snsk  |9 2181 
650 0 7 |a výruby nelegálne  |2 snsk  |9 1022092 
651 7 |a Medzev (Slovensko)  |2 snsk  |9 25106 
773 0 |t Nový Čas  |g Roč.14, č. 180 (5.8.2004), s. 11  |x 1335-4655 
999 |c 2563731  |d 2565661